Polar animals / (Record no. 4269)

MARC details
000 -LEADER
fixed length control field 01239cam a22003617a 4500
001 - CONTROL NUMBER
control field 4269
003 - CONTROL NUMBER IDENTIFIER
control field FISKH
005 - DATE AND TIME OF LATEST TRANSACTION
control field 20240711095519.0
008 - FIXED-LENGTH DATA ELEMENTS--GENERAL INFORMATION
fixed length control field 080624s2007 nyua j 000 0 eng
010 ## - LIBRARY OF CONGRESS CONTROL NUMBER
LC control number 2008299546
020 ## - INTERNATIONAL STANDARD BOOK NUMBER
International Standard Book Number 0545007186
020 ## - INTERNATIONAL STANDARD BOOK NUMBER
International Standard Book Number 9780545007184
020 ## - INTERNATIONAL STANDARD BOOK NUMBER
International Standard Book Number 9780545057660
040 ## - CATALOGING SOURCE
Original cataloging agency NUW
Transcribing agency NUW
Modifying agency BAKER
-- XY4
-- VP@
-- DLC
Language of cataloging eng
050 ## - LIBRARY OF CONGRESS CALL NUMBER
Classification number QL104.C66
082 ## - DEWEY DECIMAL CLASSIFICATION NUMBER
Classification number 591.70911
100 1# - MAIN ENTRY--PERSONAL NAME
Personal name Cooper, Wade.
245 10 - TITLE STATEMENT
Title Polar animals /
Statement of responsibility, etc. Wade Cooper.
260 ## - PUBLICATION, DISTRIBUTION, ETC.
Place of publication, distribution, etc. New York :
Name of publisher, distributor, etc. Scholastic,
Date of publication, distribution, etc. 2008.
300 ## - PHYSICAL DESCRIPTION
Extent 31 pages :
Other physical details color illustrations ;
Dimensions 23 cm
440 #0 - SERIES STATEMENT/ADDED ENTRY--TITLE
Title Scholastic reader.
Number of part/section of a work Level 1
505 ## - FORMATTED CONTENTS NOTE
Formatted contents note F<br/>
520 ## - SUMMARY, ETC.
Summary, etc. "Simple words and sentences combine with amazing photographs of real-life animals to make this an inspiring early reader that children will love to read together, read with help--and read alone!"--Cover back.
521 8# - TARGET AUDIENCE NOTE
Target audience note 350<br/>
Source Lexile <br/>
521 8# - TARGET AUDIENCE NOTE
Target audience note F<br/>
Source Raz-Plus<br/>
650 #0 - SUBJECT ADDED ENTRY--TOPICAL TERM
Topical term or geographic name entry element Animals
Geographic subdivision Polar regions
Form subdivision Juvenile literature.
650 #0 - SUBJECT ADDED ENTRY--TOPICAL TERM
Topical term or geographic name entry element Zoology
Geographic subdivision Arctic regions
Form subdivision Juvenile literature.
650 #1 - SUBJECT ADDED ENTRY--TOPICAL TERM
Topical term or geographic name entry element Animals
Geographic subdivision Polar regions.
650 #1 - SUBJECT ADDED ENTRY--TOPICAL TERM
Topical term or geographic name entry element Zoology
Geographic subdivision Arctic regions.
906 ## - LOCAL DATA ELEMENT F, LDF (RLIN)
a 7
b cbc
c copycat
d 2
e ncip
f 20
g y-gencatlg
942 ## - ADDED ENTRY ELEMENTS (KOHA)
Source of classification or shelving scheme Dewey Decimal Classification
Koha item type Books
Suppress in OPAC No
Holdings
Withdrawn status Lost status Source of classification or shelving scheme Damaged status Not for loan Collection Home library Current library Shelving location Date acquired Total Checkouts Full call number Barcode Date last seen Date last checked out Copy number Price effective from Koha item type
    Dewey Decimal Classification     Non-Fiction Footprints International School Library Network Toul Kork Campus Footprints International School Library Network Toul Kork Campus TK Primary Library Room(4th Floor), Bookcase 7, Shelves 57-60, Dark Green Books 07/11/2024 2 COO 591.70911 QL104.C66 FISBK02612 03/25/2026 12/10/2025 1 07/11/2024 Books
    Dewey Decimal Classification     Non-Fiction Footprints International School Library Network Toul Kork Campus Footprints International School Library Network Toul Kork Campus TK Primary Library Room(4th Floor), Bookcase 7, Shelves 57-60, Dark Green Books 07/16/2024 4 COO 591.70911 QL104.C66 FISBK02613 02/24/2026 02/10/2026 2 07/16/2024 Books